Պսակը և հարսանիքը հայոց մեջ՝ ըստ մատենագրական աղբյուրների (V-XVIIIդդ.) = (Record no. 431075)
[ view plain ]
| 000 -LEADER | |
|---|---|
| fixed length control field | 02055nam a2200277 a 4500 |
| 003 - CONTROL NUMBER IDENTIFIER | |
| control field | AM-YeHGA |
| 005 - DATE AND TIME OF LATEST TRANSACTION | |
| control field | 20250618075114.0 |
| 008 - FIXED-LENGTH DATA ELEMENTS--GENERAL INFORMATION | |
| fixed length control field | 190408s2018 ai ao||gr|||||001|0|arm|| |
| 020 ## - INTERNATIONAL STANDARD BOOK NUMBER | |
| International Standard Book Number | 9785550018323 |
| 040 ## - CATALOGING SOURCE | |
| Original cataloging agency | AM-YeHGA |
| 041 0# - LANGUAGE CODE | |
| Language code of text/sound track or separate title | arm |
| 090 ## - LOCALLY ASSIGNED LC-TYPE CALL NUMBER (OCLC); LOCAL CALL NUMBER (RLIN) | |
| -- | 433639 |
| 100 1# - MAIN ENTRY--PERSONAL NAME | |
| Personal name | Մխիթարյան, Անահիտ |
| 245 10 - TITLE STATEMENT | |
| Title | Պսակը և հարսանիքը հայոց մեջ՝ ըստ մատենագրական աղբյուրների (V-XVIIIդդ.) = |
| Remainder of title | Marriage and wedding among Armenians according to the literary sources of the 5th-18th centuries = Бракосочетание и свадебный обряд у армян на основе рукописных источников V-XVIII веков / |
| Statement of responsibility, etc. | Ա. Մխիթարյան ; Խմբագիր՝ Ա. Սահակյան ; «Մատենադարան» Մեսրոպ Մաշտոցի անվան հին ձեռագրերի ինստիտուտ. |
| 246 15 - VARYING FORM OF TITLE | |
| Title proper/short title | Marriage and wedding among Armenians according to the literary sources of the 5th-18th centuries |
| 246 15 - VARYING FORM OF TITLE | |
| Title proper/short title | Бракосочетание и свадебный обряд у армян на основе рукописных источников V-XVIII веков |
| 260 ## - PUBLICATION, DISTRIBUTION, ETC. | |
| Place of publication, distribution, etc. | Երևան : |
| Name of publisher, distributor, etc. | Նաիրի, |
| Date of publication, distribution, etc. | 2018. |
| 300 ## - PHYSICAL DESCRIPTION | |
| Extent | 336+XVI [ներդիր] էջ : |
| Other physical details | գունավոր նկ., լուսանկ. ; |
| Dimensions | 21 սմ. |
| 504 ## - BIBLIOGRAPHY, ETC. NOTE | |
| Bibliography, etc. note | Տողատակում՝ մատենագիտական ծանոթագրություններ : Սկզբնաղբյուրների և գրականության ցանկ՝ էջ 284-307 : Բառարան՝ էջ 309-326: Առարկայական ցանկ՝ էջ 327-332: |
| 520 ## - SUMMARY, ETC. | |
| Summary, etc. | Ամփոփում՝ էջ 333-336՝ անգլերեն և ռուսերեն: |
| 610 14 - SUBJECT ADDED ENTRY--CORPORATE NAME | |
| Corporate name or jurisdiction name as entry element | Հայաստանյայց Առաքելական Սուրբ Եկեղեցի : |
| Title of a work | Սուրբ Մկրտություն |
| 9 (RLIN) | 8716 |
| 650 14 - SUBJECT ADDED ENTRY--TOPICAL TERM | |
| Topical term or geographic name entry element | Ընտանիք |
| 9 (RLIN) | 5602 |
| 700 1# - ADDED ENTRY--PERSONAL NAME | |
| Personal name | Սահակյան, Արծրունի |
| Relator term | խմբագիր |
| Relationship | edt |
| 710 2# - ADDED ENTRY--CORPORATE NAME | |
| Corporate name or jurisdiction name as entry element | Մատենադարան Մաշտոցի անվան հին ձեռագրերի ինստիտուտ |
| 9 (RLIN) | 5865 |
| 942 ## - ADDED ENTRY ELEMENTS (KOHA) | |
| Source of classification or shelving scheme | Universal Decimal Classification |
| Koha item type | Գրքեր / Books |
| Withdrawn status | Lost status | Source of classification or shelving scheme | Damaged status | Not for loan | Collection | Home library | Current library | Date acquired | Total checkouts | Full call number | Barcode | Date last seen | Price effective from | Koha item type | Public note |
|---|---|---|---|---|---|---|---|---|---|---|---|---|---|---|---|
| Universal Decimal Classification | General | Fundamental Scientific Library | Fundamental Scientific Library | 10/05/2019 | AII/104735 | FL0578780 | 10/05/2019 | 10/05/2019 | Գրքեր / Books | 30 Days Loan | |||||
| Universal Decimal Classification | General | Fundamental Scientific Library | Fundamental Scientific Library | 10/05/2019 | AII/104736 | FL0578781 | 10/05/2019 | 10/05/2019 | Գրքեր / Books | 30 Days Loan | |||||
| Universal Decimal Classification | General | Fundamental Scientific Library | Fundamental Scientific Library | 12/11/2019 | AII/105305 | FL0608567 | 12/11/2019 | 12/11/2019 | Գրքեր / Books | 30 Days Loan | |||||
| Universal Decimal Classification | General | Fundamental Scientific Library | Fundamental Scientific Library | 12/11/2019 | AII/105306 | FL0608568 | 12/11/2019 | 12/11/2019 | Գրքեր / Books | 30 Days Loan |
ՀՀ Գիտությունների ազգային ակադեմիայի հիմնարար գիտական գրադարան = Fundamental Scientific Library of NAS RA
All site content, except where otherwise noted, is licensed under a